00380cam a22001097a 4500008004000000082001800040100001600058245007300074260005700147300001100204700005500215180718b1955 xxu||||| |||| 00| 0 eng d aXA94x5421 Ut8 aPande, J.K. aFamily expenditure of middle classes in Uttar Pradeshcby J.K. Pande aAllahabadbEconomics and Statistics Departmentc1955 a234+p. aUttar Pradesh. Economics and Statistics Department